000 00989nam a2200265 i 4500
001 17481
003 ES-MaACL
005 20230906151610.0
007 t|
008 010313s2000 sp ||||1| spa d
020 _a84-7785-376-2
080 _a821.134.2-14"19"
100 1 _aTorre, Guillermo de (
_d1900-1971)
_9110740
245 1 0 _aHélices
_b: poemas 1918-1922 /
_cGuillermo de Torre ; edición de José María Barrera López ; preliminar de Miguel de Torre Borges.
260 _aMálaga :
_bCentro Cultural de la Generación del 27,
_c2000.
300 _a40, 126 p. ;
_c25 cm.
490 1 _aColección facsímiles ;
_v1
534 _pReprod. de la ed. de:
_c-- Madrid : Ed. Mundo Latino, 1923.
700 1 _aBarrera López, José María.
_925930
700 1 _aTorre Borges, Miguel de.
_9110768
710 2 _aCentro Cultural Generación del 27.
_92582
830 0 _aColección facsímiles ;
_v1
_9228719
852 _aES-MaACL
_jL-24274
_bR.129586
999 _c17481
_d17481